Conceptualización de lo femenino en la filosofía antigua

שמור ב:
מידע ביבליוגרפי
מחבר ראשי: Pérez Sedeño, Eulalia (Author)
פורמט: ספר
שפה:ספרדית
יצא לאור: Madrid Siglo Veintiuno 1994
מהדורה:1a. ed
סדרה:Desigualdades y Diferencias
נושאים:
תגים: הוספת תג
אין תגיות, היה/י הראשונ/ה לתייג את הרשומה!

MARC

LEADER 00000nam a2200000 a 4500
001 UCI5419
003 CL-VaPUC
008 080328e19940000SP |||||||||||||||||spa|d
020 |a 8432308463 
082 0 4 |a 305.42  |b PER  |2 21 
100 0 |a Pérez Sedeño, Eulalia  |e author  |9 527784 
245 1 0 |a Conceptualización de lo femenino en la filosofía antigua 
250 |a 1a. ed 
300 |a 118 p 
942 |c BK 
945 |d 20080328 00:00:00  |a rbrito 
260 |a Madrid  |b Siglo Veintiuno  |c 1994 
650 0 |a Feminismo  |9 259085 
650 0 |a Filosofía antigua   |9 255705 
650 0 |a Filosofía griega  |9 265579 
650 0 |a Mujeres  |9 257649 
583 |a last modification  |c 20120930 09:39:02  |k Rodrigo Vera 
490 0 |a Desigualdades y Diferencias 
999 |c 329167  |d 329165 
952 |0 0  |1 0  |4 0  |6 305_420000000000000_PER_1994  |7 0  |8 A  |9 413528  |a BIBCUR  |b BIBCUR  |d 2019-11-22  |i 4419596  |l 3  |m 1  |o 305.42 PER 1994  |p 4419596  |r 2025-04-22  |s 2024-10-07  |w 2019-11-22  |y BK  |k PER